Entry Personal Name
001 - CONTROL NUMBER
- control field: 25
003 - CONTROL NUMBER IDENTIFIER
- control field: AM-YEHGA
005 - DATE AND TIME OF LATEST TRANSACTION
- control field: 20250617070416.0
008 - FIXED-LENGTH DATA ELEMENTS
- fixed length control field: 140429|| aca||aabn | a|a d
040 ## - CATALOGING SOURCE
- Original cataloging agency: AM-YEHGA
100 0# - HEADING--PERSONAL NAME
- Personal name: Ամեռ,
- Dates associated with a name: 1900-1941
370 ## - ASSOCIATED PLACE
- Place of birth: Վան, Թուրքիա
- Place of death: Մոսկվա, Ռուսաստան
372 ## - FIELD OF ACTIVITY
- Field of activity: Գրականություն
- Field of activity: Մանկավարժություն
- Field of activity: Թարգմանչական գործ
374 ## - OCCUPATION
- Occupation: Գրող
- Occupation: Մանկավարժ
- Occupation: Թարգմանիչ
375 ## - GENDER
- Gender: Արական
377 ## - ASSOCIATED LANGUAGE
- Language code: arm
400 1# - SEE FROM TRACING--PERSONAL NAME
- Personal name: Գալճյան, Աբրահամ,
- Dates associated with a name: 1900-1941
400 1# - SEE FROM TRACING--PERSONAL NAME
- Personal name: Ա. Գալճյան
- Fuller form of name: Աբրահամ,
- Dates associated with a name: 1900-1941
400 0# - SEE FROM TRACING--PERSONAL NAME
- Personal name: Արամ,
- Dates associated with a name: 1900-1941
400 0# - SEE FROM TRACING--PERSONAL NAME
- Personal name: Զավեն,
- Dates associated with a name: 1900-1941
400 0# - SEE FROM TRACING--PERSONAL NAME
- Personal name: Մատենախոս,
- Dates associated with a name: 1900-1941
400 0# - SEE FROM TRACING--PERSONAL NAME
- Personal name: Амер,
- Dates associated with a name: 1900-1941
400 1# - SEE FROM TRACING--PERSONAL NAME
- Personal name: Галчян, Авраам,
- Dates associated with a name: 1900-1941
400 1# - SEE FROM TRACING--PERSONAL NAME
- Personal name: А. Галчян
- Fuller form of name: Авраам,
- Dates associated with a name: 1900-1941
400 0# - SEE FROM TRACING--PERSONAL NAME
- Personal name: Amer,
- Dates associated with a name: 1900-1941
400 1# - SEE FROM TRACING--PERSONAL NAME
- Personal name: Abraham Galjyan,
- Dates associated with a name: 1900-1941
670 ## - SOURCE DATA FOUND
- Source citation: Հովակիմյան Բ.Մ., Հայոց ծածկանունների բառարան, Երևան, 2005:
- Information found: Գալճյան Աբրահամ (1900, Վան-1941, Մոսկվա)-բանաստեղծ, մանկավարժ:
670 ## - SOURCE DATA FOUND
- Source citation: Հրետանի, Երևան, 1924.
- Information found: տիտղթ. (Ամեռ)
ՀՀ Գիտությունների ազգային ակադեմիայի հիմնարար գիտական գրադարան = Fundamental Scientific Library of NAS RA
All site content, except where otherwise noted, is licensed under a